Agáta Dinzl-Rybářová: Der "Ackermann aus Böhmen" und der alttschechische "Tkadley͏̈écek" [Rezension]

Titel: Agáta Dinzl-Rybářová: Der "Ackermann aus Böhmen" und der alttschechische "Tkadley͏̈écek" [Rezension] / Sylvie Stanovská
Verfasser:
In: Germanoslavica, Band 19, Heft 1 (2008), Seite 103-106
alle Artikel anzeigen
Veröffentlicht: 2008
Format: Aufsatz
Sprache: Deutsch
Kein Bild verfügbar
X
alg: 20293236
001A    $04504:13-08-08 
001B    $06050:28-05-20 $t13:26:53.000 
001C    $04504:13-08-08 $t12:51:38.000 
001D    $04504:13-08-08 
001U    $0utf8 
001X    $00 
002@    $0Aou 
003@    $0202932362 
007A    $0202932362 $aHEB 
010@    $ager 
011@    $a2008 
021A    $aAgáta Dinzl-Rybářová: Der "Ackermann aus Böhmen" und der alttschechische "Tkadley͏̈écek" [Rezension] $hSylvie Stanovská 
028A    $71071850458 $8Stanovská, Sylvie$Z1969- [Tp1] $9359642276 
031A    $d19 $e1 $h103-106 $j2008 
039B    $aIn $8--Abvc--. Germanoslavica. - Hildesheim : Olms, 1931-. - ISSN 1210-9029 $x200800000190001897 $9047348615 
039T    $8--Aau--Dinzl-Rybářová, Agáta$Z1973- [Tp3]. Der @"Ackermann aus Böhmen" und der alttschechische "Tkadleček". - Göppingen : Kümmerle, 2006. - 721 S.. - ISBN 978-3-87452-990-7 $9185938779 
045T    $a7,20 $a25 $a7,41 $a7,39 
045T    $aLING $qDE-30 $2FID 
045T    $aGER $qDE-30 $2FID 
045T    $aAVL $qDE-30 $2FID 
045V    $809.10.00$jZu einzelnen Autoren und Werken [Tkx] $9118843494 

lok: 20293236 62

exp: 20293236 62 1 #EPN
201B/01 $013-08-08 $t21:23:11.000 
203@/01 $0548178917 
208@/01 $a13-08-08 $be 
209A/01 $a/ $f000 $x00 
209B/01 $a2008 $x05 
247C/01 $8Frankfurt, Bibliographie der Deutschen Sprach- und Literaturwissenschaft $9113214561 
201U/01 $0utf8 

lok: 20293236 78

exp: 20293236 78 1 #EPN
201B/01 $018-11-21 $t17:06:31.000 
201C/01 $018-11-21 
201U/01 $0utf8 
203@/01 $01173207635 
208@/01 $a18-11-21 $be 
209A/01 $a/ $f000 $x00 
209A/01 $ab*p $x01 
220C/01 $aeja 
244Z/01 $#Böhmische Kronländer $#Länder der Böhmischen Krone $#Sudetenland $#Böhmen $#Mähren $#Mährisch-Schlesien $#Österreichisch-Schlesien $#Tschechische Sozialistische Republik Böhmische Länder $#Tschechei Böhmische Länder $#Země koruny české $74069573-6 $8--Tg1--Böhmische Länder $x03 $9085195553 
247C/01 $82080>Marburg/Lahn, Herder-Institut, Forschungsbibliothek, Bibliographieportal $9336309341
LEADER 00000caa a2200000 c 4500
001 202932362
003 DE-603
005 20200528132653.0
007 tu
008 080813s2008 xx |||| | u00||u|ger c
035 |a (DE-599)HEB202932362 
040 |a DE-603  |b ger  |c DE-603  |d DE-603 
041 |a ger 
084 |a 7,20  |a 25  |a 7,41  |a 7,39  |2 ssgn 
084 |a LING  |q DE-30  |2 fid 
084 |a GER  |q DE-30  |2 fid 
084 |a AVL  |q DE-30  |2 fid 
100 1 |a Stanovská, Sylvie  |d 1969-  |0 (DE-603)359642276  |0 (DE-588)1071850458  |2 gnd 
245 0 0 |a Agáta Dinzl-Rybářová: Der "Ackermann aus Böhmen" und der alttschechische "Tkadley͏̈écek" [Rezension]  |c Sylvie Stanovská 
264 0 |c 2008 
773 0 8 |i In  |t Germanoslavica  |d Hildesheim : Olms, 1931-  |x 1210-9029  |g Band 19, Heft 1 (2008), Seite 103-106  |w (DE-603)047348615  |w (DE-600)216758-X 
787 0 8 |i Rezension von  |a Dinzl-Rybářová, Agáta, 1973-  |t ˜Derœ "Ackermann aus Böhmen" und der alttschechische "Tkadleček"  |d Göppingen : Kümmerle, 2006  |h 721 S., 21 cm  |z 9783874529907  |z 3874529908  |w (DE-603)185938779 
924 0 |9 603  |a (DE-603)548178917  |b DE-603  |c HES  |d d 
924 0 |9 2080  |a (DE-603)1173207635  |b DE-2080  |c HES  |d d  |g /